<?xml version="1.0" encoding="UTF-8"?>
<marc:record xmlns:marc="http://www.loc.gov/MARC21/slim">
   <marc:leader>00000nam a2200000 a 4500</marc:leader>
   <marc:datafield ind1="1" ind2=" " tag="100">
      <marc:subfield code="a">Petter, Frank Arjava</marc:subfield>
      <marc:subfield code="4">aut</marc:subfield>
      <marc:subfield code="e">Verfasser/-in</marc:subfield>
   </marc:datafield>
   <marc:datafield ind1=" " ind2=" " tag="653">
      <marc:subfield code="a">Lebensenergie</marc:subfield>
   </marc:datafield>
   <marc:datafield ind1=" " ind2=" " tag="653">
      <marc:subfield code="a">Reiki</marc:subfield>
   </marc:datafield>
   <marc:datafield ind1="0" ind2="0" tag="245">
      <marc:subfield code="a">Das Reiki Feuer</marc:subfield>
   </marc:datafield>
   <marc:datafield ind1="0" ind2="0" tag="245">
      <marc:subfield code="b">Neues über den Ursprung der Reiki-Kraft. Das komplette Lehr- und Arbeitsbuch</marc:subfield>
   </marc:datafield>
   <marc:datafield ind1="0" ind2="0" tag="245">
      <marc:subfield code="c">Frank Arjava Petter</marc:subfield>
   </marc:datafield>
   <marc:datafield ind1=" " ind2="1" tag="264">
      <marc:subfield code="a">Aitrang</marc:subfield>
      <marc:subfield code="b">Windpferd Verl.</marc:subfield>
      <marc:subfield code="c">2000</marc:subfield>
   </marc:datafield>
   <marc:datafield ind1=" " ind2=" " tag="250">
      <marc:subfield code="a">3. Aufl.</marc:subfield>
   </marc:datafield>
   <marc:datafield ind1="1" ind2=" " tag="520">
      <marc:subfield code="a">Geschichten und Mythen ranken sich mittlerweile um den Reiki-Ursprung. Frank Arjava Petter, in Japan praktizierender freier Reiki-Meister, taucht ihn in neues Licht, indem er offen und hingebungsvoll Usui-sans Pfad zurückverfolgte, auf Usuis Nachfahren traf und den heiligen Berg seiner Erleuchtung bestieg. Darüber hinaus ist "Das Reiki Feuer" ein exzellentes Reiki-Lehrbuch, frisch und mitreißend und in spirituellem Geist geschrieben. Reiki, geprägt vom Shintoismus, ist eine buddhistische Ausprägung des Qi Gong - wobei Qi Gong im ursprünglichen Sinn die Lehre von der Lebensenergie beschreibt. Frank Arjava Petter ist ein Meister im Umgang mit ihr. "Das Reiki Feuer" ist zudem ein absolut praktischer Reiki-Berater. Das Herz, der Körper, der Verstand und der esoterische Background - nichts kommt zu kurz.</marc:subfield>
   </marc:datafield>
   <marc:datafield ind1=" " ind2=" " tag="020">
      <marc:subfield code="a">9793893851873</marc:subfield>
      <marc:subfield code="9">9793893851873</marc:subfield>
   </marc:datafield>
   <marc:datafield ind1=" " ind2=" " tag="500">
      <marc:subfield code="a">M.Abb.</marc:subfield>
   </marc:datafield>
   <marc:datafield ind1=" " ind2=" " tag="300">
      <marc:subfield code="a">140 S.</marc:subfield>
   </marc:datafield>
</marc:record>
